000 01039nam a22003137a 4500
001 5528
003 FISKH
005 20250819110356.0
008 241216b cb ||||| |||| 00| 0 eng d
020 _a0590621807
040 _aFISKH
_beng
_cFISKH
_dFISKH
050 _aQ141.R45
082 _a509.22
100 _aReid, Struan
245 _aScientist :
_bfrom Achimedes to Einstein /
_cby Struan Reid and Patricia Fara
250 _aFirst Scholastic printing, January 1996
260 _aNew York :
_bScholastic ;
_c1992.
300 _a47 pages :
_bcolor illustrations ;
_c26 cm .
490 _aThe usborne book of ...
505 _aZ
520 _aTells the story of remarkable scientists--famous as well as lesser-known figures--whose research and discoveries have changed the world.
521 8 _a1110
_bLexile
521 8 _aZ
_bRaz-Plus
650 _aArchimedes
_vNon-fiction
700 _aConlin, Stephen
_eillustrator
700 _aDennis , Peter
_eillustrator
942 _2ddc
_cBK
_n0
999 _c5528
_d5528